ბათუმის შოთა რუსთაველის სახელმწიფო უნივერსიტეტის ბიბლიოთეკა

ფეიქრობის ტრადიცია და ლექსიკა (ბიბ.ჩანაწერი № 54871)

000 -ლიდერი
ფიქსირებული სიგრძის საკონტროლო ველი 02101nam a2200277Ia 4500
001 - საკონტროლო ნომერი
საკონტროლო ველი 21940
003 - საკონტროლო ნომრის იდენტიფიკატორი
საკონტროლო ველი GE_BSU
005 - ბოლო ოპერაციის თარიღი და დრო
საკონტროლო ველი 20250128130829.0
008 - ფიქსირებული სიგრძის მონაცემთა ელემენტები - ზოგადი ინფორმაცია
ფიქსირებული სიგრძის საკონტროლო ველი 181216s2017||||ge |||||||||||||| ||geo||
020 ## - წიგნის საერთაშორისო სტანდარტული ნომერი
International Standard Book Number 9789941462610
040 ## - კატალოგიზაციის წყარო
Transcribing agency GE_BSU
041 ## - ენის კოდი
Language code of text/sound track or separate title geo
080 ## - უნივერსალური ათობითი კლასიფიკაციის ინდექსი
Universal Decimal Classification number 677.024+904+811.353.1'276 ნ-89
100 ## - მთავარი ჩანაწერი - პიროვნების სახელი
Personal name ნოღაიდელი, ნანული.
9 (RLIN) 5107
245 ## - ცნობა სათაურის შესახებ
Title ფეიქრობის ტრადიცია და ლექსიკა
Remainder of title (აჭარა) /
Statement of responsibility, etc ნანული ნოღაიდელი, რედ. როინ მალაყმაძე
264 ## - წარმოების, გამოცემის, დისტრიბუციის და სხვა ცნობები
გამოცემის, წარმოების, დისტრიბუციის... ადგილი ბათუმი:
გამოცემის, წარმოების, დისტრიბუციის... სახელწოდება ბათუმის შოთა რუსთაველის სახელმწ. უნ-ტის გამ-ბა,
გამოცემის, წარმოების, დისტრიბუციის... თარიღი 2017.
300 ## - ფიზიკური აღწერა
Extent 228 გვ.:;
Other physical details ილ;
Dimensions 19 სმ.
504 ## - BIBLIOGRAPHY, ETC. NOTE
Bibliography, etc ბიბლიოგრ. გვ:213-217
653 ## - INDEX TERM--UNCONTROLLED
Uncontrolled term აჭარის ტერიტორიაზე მცხოვრებ ტომებს შორისაც ძველთაგანვე მაღალ დონეზე ყოფილა განვითარებული ფეიქრობა. ნაშრომი საინტერესო იქნება ქართული კულტურის ისტორიის მკვლევართათვის,სპეციალისტებისა და ფართო საზოგადოებისათვის.
653 ## - INDEX TERM--UNCONTROLLED
Uncontrolled term საფეიქრო მრეწველობა,არქეოლოგია,დიალექტოლოგია.
653 ## - INDEX TERM--UNCONTROLLED
Uncontrolled term ფეიქრობის ტრადიცია და ლექსიკა(აჭარა)
700 ## - ADDED ENTRY--PERSONAL NAME
Personal name მალაყმაძე,როინ
Relator term რედაქტორი
9 (RLIN) 24153
710 ## - ADDED ENTRY--CORPORATE NAME
Corporate name or jurisdiction name as entry element ბათუმის შოთა რუსთაველის სახელმწიფო უნივერსიტეტი
9 (RLIN) 24154
710 ## - ADDED ENTRY--CORPORATE NAME
Corporate name or jurisdiction name as entry element ნიკო ბერძენიშვილის ინსტიტუტი
9 (RLIN) 24155
942 ## - ADDED ENTRY ELEMENTS (KOHA)
Koha item type წიგნი
Source of classification or shelving scheme
ეგზემპლარები
ჩამოწერის სტატუსი დაკარგული ეგზემპლარის სტატუსი კლასიფიკაციის წყარო ან თაროზე გაწყობის სქემა დაზიანების სტატუსი არ გაიცემა მუდმივი მდებარეობა (დაცვის ადგილი) ამჟამინდელი ადგილსამყოფელი თაროზე განთავსების ადგილი შეძენის თარიღი ღირებულება, შესყიდვის ნორმალური ფასი სრული შენახვის შიფრი შტრიხკოდი ბოლო ოპერაციის თარიღი ეგზემპლარის მიმდევრობითი ნომერი (კეტერი?) ფასის ძალაში შესვლის თარიღი ეგზემპლარის სახეობა საჯარო შენიშვნა Uniform Resource Identifier
          ბათუმის შოთა რუსთაველის სახელმწიფო უნივერსიტეტის მთავარი ბიბლიოთეკა ბათუმის შოთა რუსთაველის სახელმწიფო უნივერსიტეტის მთავარი ბიბლიოთეკა წიგნსაცავი 2018-12-17 6.00 677.024+904+811.353.1'276 ნ-89 56666 2018-12-17 56666 2018-12-17 წიგნი 6ლ.75თ.  
          ბათუმის შოთა რუსთაველის სახელმწიფო უნივერსიტეტის მთავარი ბიბლიოთეკა ბათუმის შოთა რუსთაველის სახელმწიფო უნივერსიტეტის მთავარი ბიბლიოთეკა წიგნსაცავი 2018-12-17 6.00 677.024+904+811.353.1'276 ნ-89 56667 2018-12-17 56667 2018-12-17 წიგნი 6ლ.75თ.  
          ბათუმის შოთა რუსთაველის სახელმწიფო უნივერსიტეტის მთავარი ბიბლიოთეკა ბათუმის შოთა რუსთაველის სახელმწიფო უნივერსიტეტის მთავარი ბიბლიოთეკა წიგნსაცავი 2018-12-17 6.00 677.024+904+811.353.1'276 ნ-89 56668 2018-12-17 56668 2018-12-17 წიგნი 6ლ.75თ.  
          ბათუმის შოთა რუსთაველის სახელმწიფო უნივერსიტეტის მთავარი ბიბლიოთეკა ბათუმის შოთა რუსთაველის სახელმწიფო უნივერსიტეტის მთავარი ბიბლიოთეკა წიგნსაცავი 2018-12-17 6.00 677.024+904+811.353.1'276 ნ-89 56669 2018-12-17 56669 2018-12-17 წიგნი 6ლ.75თ.  
          ბათუმის შოთა რუსთაველის სახელმწიფო უნივერსიტეტის მთავარი ბიბლიოთეკა ბათუმის შოთა რუსთაველის სახელმწიფო უნივერსიტეტის მთავარი ბიბლიოთეკა წიგნსაცავი 2018-12-17 6.00 677.024+904+811.353.1'276 ნ-89 56670 2018-12-17 56670 2018-12-17 წიგნი 6ლ.75თ.  
          ბათუმის შოთა რუსთაველის სახელმწიფო უნივერსიტეტის მთავარი ბიბლიოთეკა ბათუმის შოთა რუსთაველის სახელმწიფო უნივერსიტეტის მთავარი ბიბლიოთეკა წიგნსაცავი 2025-01-28 7.00 677.024+904+811.353.1'276 ნ-89 70479 2025-01-28 70479 2025-01-28 წიგნი 7.00 ნაჩუქარი